Guess my US State - Statistics

General Stats
  • This quiz has been taken 46 times
  • The average score is 7 of 9
Answer Stats
Hint State Letter % Correct
I have the longest coastline at over 6,600 miles. Alaska A
98%
I have the cities of Salem, Hillsboro, and Eugene. Oregon O
89%
My largest city is Wilmington. Delaware D
76%
I border a Great Lake and have a non-rectangular flag. Ohio O
76%
I am home to Mount Whitney, the tallest mountain of the lower 48. California C
72%
The widest tornado ever recorded occurred in the city of El Reno. Oklahoma O
72%
I have the highest homicide rate. Louisiana L
67%
My state is... Colorado
63%
I was last of the thirteen colonies to become a state. Rhode Island R
63%
No matching quizzes found
Score Distribution
Percent of People with Each Score
Percentile by Number Answered
Your Score History
You have not taken this quiz